000 01737nam a22003497a 4500
003 OSt
005 20250416082956.0
008 210303s1999 sp ||||gr|||| 00| f spa d
020 _a8401422965
_qColección
020 _a840142612X
040 _aCO-JMCR
_cCO-JMCR
041 1 _aspa
_hger
082 0 4 _aA-N
_bMANm
_223
100 1 _aMann, Thomas,
_eautor
_914291
245 1 0 _aMuerte en Venecia /
_cThomas Mann ; traducción de Juan del Solar, Nicanor Ancochea
250 _aPrimera edición
260 _aBarcelona :
_bPlaza & Janés,
_c1999
300 _a184 páginas ;
_c20 cm.
490 0 _aAve Fénix ;
_v196/3
500 _aTítulo original: Der Tod in Venedig, Mario und der Zauberer
501 _aCon: Mario y el mago
520 3 _aPublicada por primera vez en 1914, Muerte en Venecia es la historia de un alma agotada, capaz de sobrevivir sólo en el artificio, que de pronto descubre la belleza espontánea que se manifiesta sin esfuerzos y sin titubeos en la figura de un adolescente. Mann escribió esta obra en un estilo de mosaico, preciso, minucioso y brillante a la vez, y que describe con eficacia la atmosfera crepuscular y agónica de una colorida Venecia. Completa el volumen Mario y el mago, relato de una muerte en un escenario italiano, que Mann escribió en 1929, poco después de recibir el Premio Nobel.
546 _aTraducido del alemán
650 1 4 _aNovela alemana
_ySiglo XVIII
_914292
650 2 4 _aLiteratura alemana
_9817
650 2 4 _aAmor en la literatura
_9634
650 2 4 _aMuerte en la literatura
_9954
650 2 4 _aObservatorios astronómicos
_914293
700 1 _aSolar, Juan del,
_etraductor
_914294
700 1 _aAncochea, Nicanor,
_etraductor
_914295
942 _2ddc
_cBK
999 _c7422
_d7422